000 00843nam a2200253 a 4500
001 000043390
003 DO-SdBNP
005 20230417095227.0
007 ta
008 140312s2008 dr 000 0 spa d
040 _aDO-SdBNP
_bspa
_cBNPHU
_erda
082 _222
_bR426L
110 2 _aRepública Dominicana. [Leyes, etc.]
_9447
240 1 0 _a[Leyes, etc.]
245 1 0 _aLey 125-01 :
_bley general de electricidad promulgada el 26 de julio del 2001, por el Presidente de la República ing. Hipólito Mejía. su modificación por la ley no. 186-07
260 _aSanto Domingo :
_bCentenario,
_c2008.
300 _a124 paginas ;
_c22 cm.
336 _2rdaconten.
_atexto
_btxt
337 _2rdamedia
_asin limitación
_bn
338 _2rdacarrier
_avolumen
_bnc
590 _aInventariado, 2023 / DG
910 _aDG
942 _2ddc
_cLBS1
999 _c53274
_d53274